000 00963cam a2200289 a 4500
001 13992185
005 20180227054740.0
008 050603s2005 nyua b 001 0 eng c
010 _a 2005016052
020 _a9780801443664 (cloth : alk. paper)
020 _a0801443660 (cloth : alk. paper)
020 _a9780801472831 (pbk. : alk. paper)
020 _a0801472830 (pbk. : alk. paper)
040 _aNIC/DLC
_cDLC
_dDLC
041 _aeng
042 _apcc
043 _af-za---
080 _a306.852096894 CLI
082 0 0 _a306.852096894 CLI
_222
100 1 _a24
101 _aANT
245 1 0 _aGrains from grass :
_cLisa Cliggett.
504 _aIncludes bibliographical references (p. [175]-185) and index.
906 _a7
_bcbc
_corignew
_d1
_eecip
_f20
_gy-gencatlg
942 _2ddc
_cBK
999 _c43585
_d43585